000 00588nam a2200229Ia 4500
003 OSt
005 20221007070824.0
006 a|||||r|||| 00| 0
007 ta
008 221006b |||||||| |||| 00| 0 eng d
024 _a19,305
037 _cTextual
040 _aFLL
_cFLL
_beng
041 _2eng
_aeng
082 _aZ:91, J04
100 _aCohen Morris Raphael
245 0 _aReason and law
260 _aIllinois
_bThe Free Press Illinois
_c1950
300 _a211p
_ccm.
942 _hZ:91, J04
_cTEXL
_2CC
999 _c1141624
_d1141624